000 00925nam a2200205 a 4500
003 0
005 20250527095534.0
008 021127s19uu xx 00 eng d
050 _aPGS HE 336.L37
_b.M645 2001
100 _aMillare, Genina Andrea.
245 _aPerceptions to the traffic problem in Las Piñas as perceived by the grade six students of Southville International School /
_cGenina Andrea Millare.
260 _aLas Piñas City, Philippines :
_bSouthville International School and Colleges,
_c2001.
300 _a19 pages :
_bcolored illustrations ;
_c28 cm.
504 _aIncludes bibliographic references.
650 _aTraffic congestion
_zPhilippines
_zLas Piñas City.
650 _aTraffic problems
_zPhilippines
_vPublic opinion.
650 _aGrade school students
_zPhilippines
_vOpinions and attitudes.
650 _aSouthville International School (Las Piñas City, Philippines).
942 _2lcc
_cPASS
999 _c96426
_d96426